000 00444nab a2200145Ia 4500
003 ES-SlBCS
005 20210601133741.0
008 140529s2009 xxu||||| |||| 00| 0 por d
041 _apor
100 1 _aGonçalves Gondra, José
_9209207
245 0 0 _aDisciplina, corpo e civilizaçao
_c José Gonçalves Gondra
650 0 4 _aDisciplina
_9139135
773 0 _tEducaçao e Filosofia
_gvol. 23, nº. 45, 2009, págs. 65-100
_wRev1534
942 _cAR
999 _c601516
_d601516